00322pab a2200121 454500008004000000100002000040245005600060260000900116300001300125362001000138650001800148773003400166180718b2009 xxu||||| |||| 00| 0 eng d aZaidi, S. Akbar aSouth Asia? West Asia? Pakistan: location, identity c2009 ap.36-39. a7 Mar aGlobalization aEconomic and Political Weekly